| 000 | 00763nam a22002411a 4500 | ||
|---|---|---|---|
| 001 | 1777915 | ||
| 005 | 20151023020004.0 | ||
| 008 | 780517s1978 tnua b 000 0 eng | ||
| 010 | _a77087249 | ||
| 020 | _a0805434222 | ||
| 040 |
_aDLC _cDLC _dDLC |
||
| 050 | 0 | 0 |
_aLB1027 _b.F598 |
| 082 | 0 | 0 | _aLB 1027.F598 1978 |
| 100 | 1 | _aFord, LeRoy. | |
| 245 | 1 | 0 |
_aDesign for teaching and training : _ba self-study guide to lesson planning / _cLeRoy Ford. _h[Text] |
| 260 |
_aNashville _bBroadman Press _cc1978 |
||
| 300 | _a389 p. : ill. ; 26 cm. | ||
| 504 | _aIncludes bibliographical references. | ||
| 650 | 0 | _aLesson planning. | |
| 906 |
_a7 _bcbc _corignew _d2 _eopcn _f19 _gy-gencatlg |
||
| 991 |
_bc-GenColl _hLB1027 _i.F598 _p00057935108 _tCopy 1 _wBOOKS |
||
| 942 | 0 | 0 | _05 |
| 999 |
_c35131 _d35131 |
||